Fußball mit "C" - Statistiken

Allgemein
  • Dieses Quiz wurde 341 mal gespielt
  • Das Durchschnittsergebnis liegt bei 10 aus 15
Antwortstatistiken
Hinweis Antwort % Korrekt
Seit 1992 heißt der ehemalige Europapokal der Landesmeister so {Champions} League
100%
Verein aus London, der diesen Wettbewerb 2012 und 2021 gewann Chelsea
96%
Französischer Spieler, der im WM-Finale 2022 im Elfmeterschießen einen Elfmeter verschoss Kingsley {Coman}
85%
Tschechischer Torhüter, der lange für den in Frage 2 gesuchten Club gespielt hat und nach einer Kopfverletzung immer mit einem Helm auflief Petr {Čech}
82%
Verein, der 1967 den Europapokal der Landesmeister mit einer Spielern gewann, die alle in Glasgow oder der unmittelbaren Umgebung geboren wurden Celtic
81%
Italienischer Abwehrspieler, der 2006 Weltmeister und Weltfußballer des Jahres wurde Fabio {Cannavaro}
79%
Stadion des FC Barcelona, das bis 2026 renoviert werden und 105.000 Zuschauern Platz bieten soll Camp Nou
78%
Während die Frauenmannschaft dieses Landes bereits achtmal an Weltmeisterschaften teilgenommen hat, konnten sich die Männer bisher nur einmal qualifizieren (2002) China
75%
Nachname der Brüder Jack und Bobby, die 1966 gemeinsam im WM-Finale standen Charlton
67%
Die italienische Bezeichnung für Fußball bedeutet "Tritt" Calcio
49%
Der Verein wurde dreimal Belgischer Meister und zweimal Pokalsieger, steht aber seit Langem im Schatten seines Lokalrivalen {Cercle} Brügge
45%
Nordafrikanischer Verein, der dreimal die afrikanische Champions League gewonnen hat Raja {Casablanca}
43%
Nenne einen der beiden brasilianischen Clubs mit "C", die die Copa Libertadores gewonnen haben Cruzeiro | Corinthians
40%
In den 60ern von Trainer Helenio Herrera eingeführte Defensivtaktik, mit der italienische Vereine erfolgreich waren und die als destruktiv gilt Catenaccio
33%
Trainer, der 1975 und 76 den Europapokal der Landesmeister mit Bayern München gewann, in der Bundesliga aber weniger erfolgreich war Dettmar {Cramer}
28%
Keine übereinstimmenden Quizze gefunden
Verteilung der Resultate
Anzahl Personen mit jedem Resultat
Perzentil nach korrekt beantworteten Fragen
Ihre Resultats-Entwicklung
Sie haben dieses Quiz noch nicht gespielt